[Event "XXXVIII Torneo Internacional de Ajedrez"]
[Site "La Roda (Albacete) - ESPAÑA"]
[Date "2011.04.24"]
[Round "8.18"]
[White "Gallardo Garcia, Andres"]
[Black "Jimenez Villena, Fco Jose"]
[Result "1-0"]
[WhiteElo "2370"]
[BlackElo "2198"]
[PlyCount "91"]
[EventDate "2011.04.20"]

1. g3 d5 2. Bg2 Nf6 3. d3 e5 4. Nf3 Bd6 5. O-O O-O 6. Nc3 c6 7. e4 dxe4 8. Nxe4
Nxe4 9. dxe4 b6 10. Nh4 g6 11. Bh6 Re8 12. Qf3 Bf8 13. Rfd1 Qe7 14. Bxf8 Rxf8
15. Qc3 c5 16. Nf5 gxf5 17. exf5 e4 18. f6 Qe6 19. Qe3 Qxf6 20. Qxe4 Nc6 21.
Qxc6 Be6 22. c3 Rad8 23. a3 Rxd1+ 24. Rxd1 Rd8 25. Rxd8+ Qxd8 26. Qa8 Qxa8 27.
Bxa8 Kg7 28. Kf1 Bc4+ 29. Ke1 Kf6 30. Kd2 Ke5 31. Ke3 h6 32. f4+ Ke6 33. g4 f6
34. Be4 Bb3 35. Kf2 Bd1 36. Kg3 Kf7 37. Kh4 Kg7 38. g5 fxg5+ 39. fxg5 Be2 40.
gxh6+ Kxh6 41. Kg3 Kg5 42. h4+ Kf6 43. Bf3 Bb5 44. Kf4 Be8 45. h5 Bf7 46. h6
1-0

[Event "XXXVIII Torneo Internacional de Ajedrez"]
[Site "La Roda (Albacete) - ESPAÑA"]
[Date "2011.04.24"]
[Round "8.19"]
[White "Munoz Navarro, Alberto"]
[Black "Ramiro Ovejero, Juan Luis"]
[Result "1/2-1/2"]
[WhiteElo "2146"]
[BlackElo "2350"]
[PlyCount "48"]
[EventDate "2011.04.20"]

1. g3 d5 2. Bg2 e5 3. d3 Nc6 4. Nf3 Nf6 5. O-O a5 6. c4 d4 7. Na3 Be7 8. Nc2
Nd7 9. e3 O-O 10. exd4 exd4 11. Nfxd4 Nxd4 12. Nxd4 Nc5 13. Nb5 c6 14. d4 cxb5
15. dxc5 bxc4 16. Be3 Qc7 17. Qd5 c3 18. bxc3 Rd8 19. Qc4 Be6 20. Qb5 Bd5 21.
Rab1 Bxg2 22. Kxg2 Rac8 23. Rfd1 h6 24. Rxd8+ Rxd8 1/2-1/2

[Event "XXXVIII Torneo Internacional de Ajedrez"]
[Site "La Roda (Albacete) - ESPAÑA"]
[Date "2011.04.24"]
[Round "8.20"]
[White "Rudolf, Anna"]
[Black "Guadamuro Torrente, Anabel"]
[Result "1/2-1/2"]
[WhiteElo "2347"]
[BlackElo "2167"]
[PlyCount "70"]
[EventDate "2011.04.20"]

1. e4 e5 2. Nf3 Nc6 3. Bb5 Nf6 4. O-O Nxe4 5. Re1 Nd6 6. Nxe5 Be7 7. Bf1 O-O 8.
d4 Nf5 9. c3 d6 10. Nf3 Nh4 11. h3 Nxf3+ 12. Qxf3 Bf6 13. Bf4 Ne7 14. Bd3 d5
15. Nd2 c6 16. Be5 Bxe5 17. Rxe5 f5 18. Qh5 Ng6 19. Bxf5 Bxf5 20. Rxf5 Rxf5 21.
Qxf5 Qe7 22. Nf3 Rf8 23. Qg5 Qxg5 24. Nxg5 Nf4 25. g3 Nd3 26. f4 Re8 27. b3 Re3
28. Kg2 Re2+ 29. Kf3 Rc2 30. Ke3 Nc1 31. Ne6 Re2+ 32. Kf3 Rc2 33. Ke3 Re2+ 34.
Kf3 Rc2 35. Ke3 Re2+ 1/2-1/2